Finish the Great Songs! (Part 3) - Statistics

General Stats
  • This quiz has been taken 720 times
  • The average score is 8 of 15
Answer Stats
Hint Answer % Correct
(U2) With Or ? You Without
95%
(Guns N' Roses) ? Child O' Mine Sweet
94%
(Nirvana) Smells Like Teen ? Spirit
90%
(Wham) Wake Me Up ? You Go Go Before
89%
(OneRepublic) Counting ? Stars
77%
(Culture Club) Karma ? Chameleon
59%
(The Verve) Bitter Sweet ? Symphony
54%
(No Doubt) Don't ? Speak
53%
(Bangles) Manic ? Monday
48%
(Eiffel 65) I'm ? Blue
46%
(P!nk) Just ? A Pill Like
41%
(Phil Oakley) Together In Electric ? Dreams
22%
(Elyar Fox) ? Billion Girls A
21%
(Chip Chocolate) ? Dance Cookie
1%
(Natalie Imbruglia) ? Day That
1%
No matching quizzes found
Score Distribution
Percent of People with Each Score
Percentile by Number Answered
Your Score History
You have not taken this quiz